00785nam a2200253 a 4500001001300000003000900013005001700022008004100039020002300080082001800103100002100121245006900142260004500211300001000256500003500266505002400301650001800325650002000343700002100363902000800384942000700392952011500399999001700514nice12345678IN_TiNIC20260116013919.0050524s1968 chia grp 000 0 eng  a0226111 c9.500a297.0964bGEE aGeertz, Clifford aIslam Observedb Religious Development in Morocco and Indonesia. aChicagobChicago University Press c1968 a136p. aincludes index and biblioraphy2 abibliography, index aIslam-Morocco aIslam-Indonesia1 aGeertz, Clifford bSRS cBK 001040708StackRoom-aHMIbHMId2013-05-01g9.50l0o297.0964 GEEp016758r2013-05-01v9.50w2005-05-24yBK c13084d13084